<?xml version="1.0" encoding="UTF-8"?>
<collection xmlns="http://www.loc.gov/MARC21/slim">
 <record>
  <leader>00610nam a22001935a 4500</leader>
  <controlfield tag="001">EHU.bham040615</controlfield>
  <controlfield tag="003">AR-BHAM</controlfield>
  <controlfield tag="005">20110228112622.0</controlfield>
  <controlfield tag="008">130507s2009##################000#0#####d</controlfield>
  <datafield tag="020" ind1=" " ind2=" ">
   <subfield code="a">9789505578122</subfield>
  </datafield>
  <datafield tag="082" ind1="9" ind2="2">
   <subfield code="a">923</subfield>
  </datafield>
  <datafield tag="100" ind1="1" ind2=" ">
   <subfield code="a">Marie, Jean-jacques</subfield>
  </datafield>
  <datafield tag="245" ind1="1" ind2="0">
   <subfield code="a">Trotski :</subfield>
   <subfield code="b">revolucionario sin fronteras  /</subfield>
   <subfield code="c"> Jean-jacques Marie , Trad. Por Horacio Pons</subfield>
  </datafield>
  <datafield tag="260" ind1=" " ind2=" ">
   <subfield code="a">Buenos Aires :</subfield>
   <subfield code="b">Fondo de Cultura Económica,</subfield>
   <subfield code="c">2009</subfield>
  </datafield>
  <datafield tag="300" ind1=" " ind2=" ">
   <subfield code="a">624 p.</subfield>
  </datafield>
  <datafield tag="600" ind1="1" ind2="4">
   <subfield code="a">Trotski, León</subfield>
  </datafield>
  <datafield tag="653" ind1=" " ind2=" ">
   <subfield code="a">Biografías</subfield>
  </datafield>
  <datafield tag="700" ind1="1" ind2=" ">
   <subfield code="a">Pons, Horacio, trad.</subfield>
  </datafield>
  <datafield tag="859" ind1=" " ind2=" ">
   <subfield code="a">AR-BHAM</subfield>
   <subfield code="b">BIB. HUMANIDADES - General</subfield>
   <subfield code="h">923</subfield>
   <subfield code="i">T757m</subfield>
   <subfield code="p">798.09</subfield>
   <subfield code="t">Ej.1</subfield>
  </datafield>
 </record>
</collection>
